00458nam a2200205Ia 4500003000900000008004100009040001300050040001300063041000800076100002500084100001000109245004700119250000900166260002100175260000900196300001100205300001000216490001900226490000700245IT-RoPAU120407s9999 xx 000 0 und d aIT-RoPAU cIT-RoPAU aita aIgnazio di Antiochia csant' aLe lettere. Trad. e comm. di G. Contini aAlba aEdizioni Paoline c1943 a187 p. c18 cm aFiore d. Padri v14